Mưa rơi trên sông Tùy bút
“Mưa rơi trên sông†là tập tùy bút đầu tay của cây bút trẻ Vân Giang. Tập tùy bút là sự nỗ lực cho quá trình mài dũa ngòi bút không ngừng của chị, gồm có: "Bão về", "Bèo dạt mây trôi", "Cảm niệm mùa đông", "...
Zapisane w:
| 1. autor: | |
|---|---|
| Format: | Książka |
| Język: | Undetermined |
| Wydane: |
H.
Văn học
2013
|
| Hasła przedmiotowe: | |
| Dostęp online: | http://lrc.tdmu.edu.vn/opac/search/detail.asp?aID=2&ID=19953 |
| Etykiety: |
Dodaj etykietę
Nie ma etykietki, Dołącz pierwszą etykiete!
|
| Thư viện lưu trữ: | Trung tâm Học liệu Trường Đại học Thủ Dầu Một |
|---|
| LEADER | 01077nam a2200217Ia 4500 | ||
|---|---|---|---|
| 001 | TDMU_19953 | ||
| 008 | 210410s9999 xx 000 0 und d | ||
| 082 | |a 895.9228403 | ||
| 090 | |b TR121 | ||
| 100 | |a Vân Giang | ||
| 245 | 0 | |a Mưa rơi trên sông | |
| 245 | 0 | |b Tùy bút | |
| 245 | 0 | |c Vân Giang | |
| 260 | |a H. | ||
| 260 | |b Văn học | ||
| 260 | |c 2013 | ||
| 300 | |a 239tr. | ||
| 520 | |a “Mưa rơi trên sông†là tập tùy bút đầu tay của cây bút trẻ Vân Giang. Tập tùy bút là sự nỗ lực cho quá trình mài dũa ngòi bút không ngừng của chị, gồm có: "Bão về", "Bèo dạt mây trôi", "Cảm niệm mùa đông", "Chỉ là một đêm mưa", "Cuối đông", "Dã quỳ ơi"... | ||
| 650 | |a Văn học Việt Nam |v Tùy bút; Tùy bút Việt Nam; Vân Giang (Trần Hương Giang) | ||
| 856 | |u http://lrc.tdmu.edu.vn/opac/search/detail.asp?aID=2&ID=19953 | ||
| 980 | |a Trung tâm Học liệu Trường Đại học Thủ Dầu Một | ||